Sermons and treatises / (Record no. 3239)
[ view plain ]
| 000 -LEADER | |
|---|---|
| fixed length control field | 01178cam a2200349 a 4500 |
| 001 - CONTROL NUMBER | |
| control field | 1578694 |
| 003 - CONTROL NUMBER IDENTIFIER | |
| control field | GBCCL |
| 005 - DATE AND TIME OF LATEST TRANSACTION | |
| control field | 20241126110450.0 |
| 008 - FIXED-LENGTH DATA ELEMENTS--GENERAL INFORMATION | |
| fixed length control field | 821004r18621636stk 001 0 eng d |
| 020 ## - INTERNATIONAL STANDARD BOOK NUMBER | |
| International Standard Book Number | 0851516971 |
| 035 ## - SYSTEM CONTROL NUMBER | |
| System control number | (OCoLC)ocn684414060 |
| 035 ## - SYSTEM CONTROL NUMBER | |
| System control number | 1578694 |
| 040 ## - CATALOGING SOURCE | |
| Original cataloging agency | WTS |
| Transcribing agency | WTS |
| Modifying agency | YUS |
| 049 ## - | |
| -- | YUS* |
| 082 ## - DEWEY DECIMAL CLASSIFICATION NUMBER | |
| Classification number | 252 |
| Item number | WAR |
| 099 ## - LOCAL FREE-TEXT CALL NUMBER (OCLC) | |
| Classification number | Mhc5 |
| -- | Ad18 |
| -- | 1861 |
| 100 1# - MAIN ENTRY--PERSONAL NAME | |
| Personal name | Ward, Samuel, |
| Dates associated with a name | 1577-1640. |
| 9 (RLIN) | 6671 |
| 245 10 - TITLE STATEMENT | |
| Title | Sermons and treatises / |
| Statement of responsibility, etc. | by Samuel Ward ; with memoir by C.J. Ryle. |
| 260 ## - PUBLICATION, DISTRIBUTION, ETC. | |
| Place of publication, distribution, etc. | Penn : |
| Name of publisher, distributor, etc. | Banner for truth trust, |
| Date of publication, distribution, etc. | 1996, c1636. |
| 300 ## - PHYSICAL DESCRIPTION | |
| Extent | xvi, 178 p. ; |
| Dimensions | 23 cm. |
| 440 #0 - SERIES STATEMENT/ADDED ENTRY--TITLE | |
| Title | Nichol's series of standard divines. Puritan period ; |
| Volume/sequential designation | [v. 3] |
| 9 (RLIN) | 6672 |
| 500 ## - GENERAL NOTE | |
| General note | Reprint. Originally published: 1636. |
| 500 ## - GENERAL NOTE | |
| General note | "Memoir of Samuel Ward": p. [v]-xvi. |
| 500 ## - GENERAL NOTE | |
| General note | Includes index. |
| 501 ## - WITH NOTE | |
| With note | With: The works of Thomas Adams / Thomas Adams. Edinburgh : James Nichol, 1862. Vol. 3. |
| 600 10 - SUBJECT ADDED ENTRY--PERSONAL NAME | |
| Personal name | Ward, Samuel, |
| Dates associated with a name | 1577-1640. |
| 9 (RLIN) | 6671 |
| 650 #0 - SUBJECT ADDED ENTRY--TOPICAL TERM | |
| Topical term or geographic name entry element | Puritans |
| Form subdivision | Sermons. |
| 9 (RLIN) | 6673 |
| 650 #0 - SUBJECT ADDED ENTRY--TOPICAL TERM | |
| Topical term or geographic name entry element | Sermons, English. |
| 9 (RLIN) | 1092 |
| 700 1# - ADDED ENTRY--PERSONAL NAME | |
| Personal name | Ryle, J. C. |
| Fuller form of name | (John Charles), |
| Dates associated with a name | 1816-1900. |
| 9 (RLIN) | 6674 |
| 942 ## - ADDED ENTRY ELEMENTS (KOHA) | |
| Source of classification or shelving scheme | Dewey Decimal Classification |
| Koha item type | Books |
| Koha issues (borrowed), all copies | 1 |
| 948 ## - LOCAL PROCESSING INFORMATION (OCLC); SERIES PART DESIGNATOR (RLIN) | |
| Series part designator, SPT (RLIN) | OCLC BHPP Recon |
| Withdrawn status | Lost status | Source of classification or shelving scheme | Damaged status | Not for loan | Home library | Current Library | Shelving location | Date acquired | Total checkouts | Total renewals | Full call number | Barcode | Date last seen | Date last checked out | Copy number | Price effective from | Koha item type |
|---|---|---|---|---|---|---|---|---|---|---|---|---|---|---|---|---|---|
| Dewey Decimal Classification | GRACE BIBLE COLLEGE | GRACE BIBLE COLLEGE | Ministry & Mission | 2017-11-22 | 1 | 1 | 252 WAR | 008671 | 2025-05-01 | 2024-06-18 | c.1 | 2017-11-22 | Books |